Faculty of Law Library — Cairo University

Official Online Catalog

Code pénal / (Record no. 73501)

MARC details
000 -LEADER
fixed length control field 00998nam a2200289 i 4500
003 - CONTROL NUMBER IDENTIFIER
control field EG-GICUC
005 - DATE AND TIME OF LATEST TRANSACTION
control field 20260426195635.0
008 - FIXED-LENGTH DATA ELEMENTS--GENERAL INFORMATION
fixed length control field 260426m19011906fr ||||| |||| 00| 0 fre d
040 ## - CATALOGING SOURCE
Original cataloging agency EG-GiCUC
Language of cataloging fre
Transcribing agency EG-GiCUC
Modifying agency EG-GiCUC
Description conventions Rda
043 ## - GEOGRAPHIC AREA CODE
Geographic area code e-fr---
082 04 - DEWEY DECIMAL CLASSIFICATION NUMBER
Edition number 21
Classification number 343
092 04 - LOCALLY ASSIGNED DEWEY CALL NUMBER (OCLC)
Edition number 21
099 ## - LOCAL FREE-TEXT CALL NUMBER (OCLC)
Classification number Law1 10 343 FR . C 1010103 C1
110 1# - MAIN ENTRY--CORPORATE NAME
Corporate name or jurisdiction name as entry element France.
Form subheading Laws, statutes, etc.
245 10 - TITLE STATEMENT
Title Code pénal /
Statement of responsibility, etc. annoté par É. Garçon ... Avec la collaboration des rédacteurs du Recueil général des lois et des arrêts et du Journal du Palais.
264 ## - PRODUCTION, PUBLICATION, DISTRIBUTION, MANUFACTURE, AND COPYRIGHT NOTICE
Place of production, publication, distribution, manufacture Paris,
Name of producer, publisher, distributor, manufacturer L. Larose et L. Tenin,
Date of production, publication, distribution, manufacture, or copyright notice 1901-1906.
300 ## - PHYSICAL DESCRIPTION
Extent 1380 pages ;
Dimensions 24 cm
336 ## - CONTENT TYPE
Source rda contenu
Content type term texte
337 ## - MEDIA TYPE
Source rda medias
Media type term Ordinateur
338 ## - CARRIER TYPE
Source transporteur rda
Carrier type term Ressource en ligne
650 1# - SUBJECT ADDED ENTRY--TOPICAL TERM
Topical term or geographic name entry element Droit pénal
Source of heading or term qrmak
651 1# - SUBJECT ADDED ENTRY--GEOGRAPHIC NAME
Source of heading or term qrmak
700 1# - ADDED ENTRY--PERSONAL NAME
Personal name Garc̜on, Emile,
Dates associated with a name 1851-1922
Relator term Éditeur
856 40 - ELECTRONIC LOCATION AND ACCESS
Uniform Resource Identifier <a href="https://fll.law.cu.edu.eg/fulltext/bks/B1010103.pdf">https://fll.law.cu.edu.eg/fulltext/bks/B1010103.pdf</a>
905 ## - Cataloger and Reviser Names
Cataloger Name: Nora Khalil
942 ## - ADDED ENTRY ELEMENTS (KOHA)
Source of classification or shelving scheme Dewey Decimal Classification
Koha item type Books
Edition 21
Suppress in OPAC No
Holdings
Withdrawn status Lost status Source of classification or shelving scheme Damaged status Not for loan Collection Home library Current library Date acquired Total checkouts Full call number Barcode Date last seen Price effective from Koha item type
    Dewey Decimal Classification   Not for loan القانون الجنائي جــــامعة القــاهرة مكتبة كلية الحقوق - المبنى الرئيسي 26.04.2026   Law1 10 343 FR . C 1010103 C1 B10-10103 26.04.2026 26.04.2026 Books

© All rights reserved — Faculty of Law, Cairo University